000 01166cam a22003014a 4500
999 _c26766
_d26766
001 12236065
005 20170206110208.0
008 001120s2001 wiua 001 0 eng
010 _a 00111278
020 _a0873492366
040 _aDLC
_cDLC
_dDLC
042 _apcc
050 0 0 _aNK1128
_b.C48 2001
100 1 _aChervenka, Mark.
245 1 0 _aAntique trader guide to fakes & reproductions /
_cMark Chervenka.
246 3 0 _aGuide to fakes & reproductions
246 3 0 _aFakes & reproductions
260 _aIola, WI :
_bKrause Publications,
_cc2001.
300 _a304 p. :
_bill. (some col.) ;
_c23 cm.
500 _aIncludes index.
650 0 _aAntiques
_xExpertising.
650 0 _aAntiques
_xReproduction.
942 _2lcc
_cBOOKS
_hNK1128 .C48 2001